01348 2200445 4500001002100000005001500021035002000036007000300056008004100059020002200100040002200122082001500144084001700159090002000176100003000196245014500226250002600371300004100397650001700438700003100455700002200486850001200508504003100520264003700551336002100588337003000609338002300639990002000662990002000682990002000702990002000722990002000742990002000762990002000782990002000802990002000822990002000842990002000862990002000882INLIS00000000085154520221212023905 a0010-1019000272ta191009s2019 jkif gr ind d a978-602-6409-84-3 aYOPDYOGbinderda04223a635.25 a635.25 MUH p aPK 635.25 MUH p0 aMuhammad Rinaldiepenulis10aPanduan lengkap & praktis budidaya bawang merah yang paling menguntungkan /cpenulis, Muhammad Rinaldi, Muhammad Syahrial; penyunting, Agoes aCetakan pertama, 2019 aiv, 68 halaman :bilustrasi ;c23 cm 4aBawang merah0 aMuhammad Syahrialepenulis0 aAgoesepenyunting aYOPDYOG aBibliografi: halaman 66-6731aJakarta :bGaruda Pustaka,c2019 2rdacontentateks 2rdamediaatanpa perantara 2rdacarrieravolume a41049-PD/B.2019 a41050-PD/B.2019 a47812-PD/B.2022 a47813-PD/B.2022 a47813-PD/B.2022 a41049-PD/B.2019 a41050-PD/B.2019 a47812-PD/B.2022 a47812-PD/B.2022 a41049-PD/B.2019 a41050-PD/B.2019 a47813-PD/B.2022